000 00337nam a2200145Ia 4500
008 230718s9999 xx 000 0 und d
041 _aEng.
082 _a346.048
_bLLE-I
100 _aLlewelyn Cornish
245 0 _aIntellectual Property
260 _aPakistan
_bSweet maxwell
_c2010
300 _a1997
650 _aLaw
999 _c29932
_d29932